Английский для путешественников

Detaylı Bibliyografya
Yazar: Бейзеров В.А. Владислав Александрович
Özet:Данное практическое пособие по английскому языку предназначено для русскоязычных туристов, путешественников. Также может использоваться работниками туристических фирм и агентств, работниками сферы услуг, гостиничного и ресторанного бизнеса, в изучении ряда тем по курсу «Деловой английский язык», «Английский язык для туристического и гостиничного бизнеса», студентами языковых, экономических, географических специальностей вузов и ссузов, а также на факультативных занятиях в школах, гимназиях и лицеях. Пособие может использоваться в качестве разговорника. Работа с данным пособием предполагает достаточное знание английского языка. Пособие состоит из 17 глав и дополняется тематическими русско-английским разговорником, русско-английским словарем наиболее употребимых слов, а также приложениями, которые помогут туристу сориентироваться в чужой стране.
Dil:Rusça
İngilizce
Baskı/Yayın Bilgisi: Ростов-на-Дону, Феникс, 2010
Seri Bilgileri:Без репетитора
Konular:
Materyal Türü: Kitap
KOHA link:https://koha.lib.tpu.ru/cgi-bin/koha/opac-detail.pl?biblionumber=186478

MARC

LEADER 00000nam0a2200000 4500
001 186478
005 20231101224000.0
010 |a 9785222174531 
035 |a (RuTPU)RU\TPU\book\202326 
090 |a 186478 
100 |a 20101028d2010 m y0rusy50 ca 
101 0 |a rus  |a eng 
102 |a RU 
105 |a a j 001zy 
200 1 |a Английский для путешественников  |d English for Travellers  |f В.А. Бейзеров 
210 |a Ростов-на-Дону  |c Феникс  |d 2010 
215 |a 345 с.  |c ил. 
225 1 |a Без репетитора 
320 |a Библиогр.: с. 345. 
330 |a Данное практическое пособие по английскому языку предназначено для русскоязычных туристов, путешественников. Также может использоваться работниками туристических фирм и агентств, работниками сферы услуг, гостиничного и ресторанного бизнеса, в изучении ряда тем по курсу «Деловой английский язык», «Английский язык для туристического и гостиничного бизнеса», студентами языковых, экономических, географических специальностей вузов и ссузов, а также на факультативных занятиях в школах, гимназиях и лицеях. Пособие может использоваться в качестве разговорника. Работа с данным пособием предполагает достаточное знание английского языка. Пособие состоит из 17 глав и дополняется тематическими русско-английским разговорником, русско-английским словарем наиболее употребимых слов, а также приложениями, которые помогут туристу сориентироваться в чужой стране. 
510 1 |a English for Travellers  |z eng 
606 1 |a Английский язык  |x Учебные руководства и пособия  |x Для неполной средней и средней школы, для самообразования  |2 stltpush  |3 (RuTPU)RU\TPU\subj\29070  |9 52482 
606 1 |a Английский язык  |x Учебные пособия для самообразования. Разговорники  |2 stltpush  |3 (RuTPU)RU\TPU\subj\70389  |9 84667 
610 1 |a лексика 
610 1 |a грамматика 
610 1 |a разговорная речь 
610 1 |a разговорные темы 
610 1 |a путешествия 
610 1 |a разговорники 
686 |a Ш143.21-922  |v LBC/SL-A  |2 rubbk 
700 1 |a Бейзеров  |b В.А.  |g Владислав Александрович 
801 1 |a RU  |b 63413507  |c 20101028 
801 2 |a RU  |b 63413507  |c 20140207  |g RCR 
942 |c BK 
959 |a 74/20101028  |d 1  |e 254,80  |f ЧЗИЛ:1